| 000 | 00452nam a22001697a 4500 | ||
|---|---|---|---|
| 005 | 20230128125119.0 | ||
| 008 | 210218b ||||| |||| 00| 0 eng d | ||
| 020 | _a978-81-85731-77-3 | ||
| 041 | _aeng | ||
| 082 |
_a615.19 _bSIN-M |
||
| 100 |
_aSINGH, HARKISHAN AND KAPOOR, V K _95083 |
||
| 245 | _aMEDICINAL AND PHARMACEUTICAL CHEMISTRY | ||
| 260 |
_aDELHI _bVALLABH PRAKASHAN |
||
| 300 | _a853,p | ||
| 650 |
_aPHARMACY _xD.PHARMA _97090 |
||
| 942 | _cBK | ||
| 999 |
_c7447 _d7445 |
||